Vangelo giovane (Record n. 101769)
[ formato base ]
| 000 -LEADER | |
|---|---|
| fixed length control field | 01265njm a2200325Ia 4500 |
| 001 - CONTROL NUMBER | |
| control field | A3728 |
| 003 - CONTROL NUMBER IDENTIFIER | |
| control field | IT-RoPAU |
| 005 - DATE AND TIME OF LATEST TRANSACTION | |
| control field | 20220918181147.0 |
| 008 - FIXED-LENGTH DATA ELEMENTS--GENERAL INFORMATION | |
| fixed length control field | 131025s9999 xx 000 0 und d |
| 040 ## - CATALOGING SOURCE | |
| Original cataloging agency | IT-RoPAU |
| 040 ## - CATALOGING SOURCE | |
| Transcribing agency | IT-RoPAU |
| 041 ## - LANGUAGE CODE | |
| Language code of text/sound track or separate title | ITALIANO |
| 999 ## - SYSTEM CONTROL NUMBERS (KOHA) | |
| Koha Dewey Subclass [OBSOLETE] | n.d. |
| 100 ## - MAIN ENTRY--PERSONAL NAME | |
| Personal name | Lafonte Bernardo |
| 9 (RLIN) | 23349 |
| 100 ## - MAIN ENTRY--PERSONAL NAME | |
| Relator term | Autore musica |
| 9 (RLIN) | 28082 |
| 100 ## - MAIN ENTRY--PERSONAL NAME | |
| Miscellaneous information | Codice autore musica SPICS: 13067 |
| 9 (RLIN) | 23351 |
| 245 ## - TITLE STATEMENT | |
| Title | Vangelo giovane |
| 250 ## - EDITION STATEMENT | |
| Edition statement | 1a ed. |
| 260 ## - PUBLICATION, DISTRIBUTION, ETC. (IMPRINT) | |
| Place of publication, distribution, etc. | ROMA |
| 260 ## - PUBLICATION, DISTRIBUTION, ETC. (IMPRINT) | |
| Name of publisher, distributor, etc. | EP - MUSICALI E DISCOGRAFICHE |
| Date of publication, distribution, etc. | 1991 [1a Ed.:1991 - Ed. Lingua Orig.: 1991] |
| 300 ## - PHYSICAL DESCRIPTION | |
| Extent | MUSICASSETTA |
| 300 ## - PHYSICAL DESCRIPTION | |
| Dimensions | 35 minuti (Testo: 0 pag.) |
| 500 ## - GENERAL NOTE | |
| General note | Musica religiosa. Canti per la catechesi. |
| 505 ## - FORMATTED CONTENTS NOTE | |
| Formatted contents note | Questa è la strada - Dove corri, uomo? - Il giovane ricco - Il regno dei cieli - Figli dell'amore - Preludio - O mio Signore - Se il tuo cuore è povero - Sangue e amore - Come è bello |
| 650 ## - SUBJECT ADDED ENTRY--TOPICAL TERM | |
| Topical term or geographic name as entry element | CATECHESI [CASSETTE] |
| Relator term | Codice MATERIA SPICS: 9951 |
| 9 (RLIN) | 28083 |
| 700 ## - ADDED ENTRY--PERSONAL NAME | |
| Personal name | Lafonte Bernardo |
| Relator term | Autore |
| Miscellaneous information | Codice autore SPICS: 13067 |
| 9 (RLIN) | 28084 |
| 700 ## - ADDED ENTRY--PERSONAL NAME | |
| Personal name | Lotà Francesca |
| Relator term | Autore testo e musica |
| Miscellaneous information | Codice autore testo/musica SPICS: 22348 |
| 9 (RLIN) | 28085 |
| 700 ## - ADDED ENTRY--PERSONAL NAME | |
| Personal name | Lotà Francesca |
| Miscellaneous information | Codice interprete SPICS: 22348 |
| Relator term | Interprete |
| 9 (RLIN) | 28086 |
| 942 ## - ADDED ENTRY ELEMENTS (KOHA) | |
| Koha item type | MUSICASSETTE |
| Source of classification or shelving scheme | Dewey Decimal Classification |
| Withdrawn status | Lost status | Damaged status | Not for loan | Home library | Current library | Date acquired | Total Checkouts | Full call number | Date last seen | Price effective from | Koha item type | Public note |
|---|---|---|---|---|---|---|---|---|---|---|---|---|
| Buone Condizioni | Not For Loan | SPICS-MEDIATECA | SPICS-MEDIATECA | 25/10/2013 | A3728 | 25/10/2013 | 25/10/2013 | MUSICASSETTE | Progr. Ins.: 181 / N.Vol.: 1 / Copie: 1 - Copia rara: n.d. / date import: 01.01.2014 - By Epidotti, Trombetti, Vaglietti |